Ketua pegawai eksekutif Malaysia : (Record no. 3467)

000 -LEADER
fixed length control field nam a22 a 4500
003 - CONTROL NUMBER IDENTIFIER
control field AKMAL
005 - DATE AND TIME OF LATEST TRANSACTION
control field 20170523091626.0
008 - FIXED-LENGTH DATA ELEMENTS--GENERAL INFORMATION
fixed length control field 170523s2003 my e i 001 0 may d
020 ## - INTERNATIONAL STANDARD BOOK NUMBER
International Standard Book Number 9676113727 (kkt.) :
Terms of availability RM26.10
040 ## - CATALOGING SOURCE
Original cataloging agency AKMAL
082 04 - DEWEY DECIMAL CLASSIFICATION NUMBER
Classification number 658.4209595 HNG
Edition number 21
090 00 - LOCALLY ASSIGNED LC-TYPE CALL NUMBER (OCLC); LOCAL CALL NUMBER (RLIN)
Classification number (OCLC) (R) ; Classification number, CALL (RLIN) (NR) 658.4209595
Local cutter number (OCLC) ; Book number/undivided call number, CALL (RLIN) HNG
100 1# - MAIN ENTRY--PERSONAL NAME
Personal name Hng, Hung Yong
9 (RLIN) 108
245 10 - TITLE STATEMENT
Title Ketua pegawai eksekutif Malaysia :
Remainder of title strategi dalam pembangunan negara /
Statement of responsibility, etc. Hng Hung Yong ; penterjemah Mokhtar Ahmad
260 00 - PUBLICATION, DISTRIBUTION, ETC.
Place of publication, distribution, etc. Kuala Lumpur :
Name of publisher, distributor, etc. Utusan Publications & Distributors ,
Date of publication, distribution, etc. 2003
300 ## - PHYSICAL DESCRIPTION
Extent xvi, 182ms. :
Other physical details il. ;
Dimensions 25cm.
500 ## - GENERAL NOTE
General note Mangandungi indeks
500 ## - GENERAL NOTE
General note Koleksi Peribadi YABhg. Tun Ahmad Sarji (2100154, 2100533, 2100509)
599 ## - LOCAL NOTE
Local Note DALAM PROSES
650 10 - SUBJECT ADDED ENTRY--TOPICAL TERM
Topical term or geographic name entry element Chief executive officers
Geographic subdivision Malaysia
9 (RLIN) 109
651 #0 - SUBJECT ADDED ENTRY--GEOGRAPHIC NAME
Geographic name Malaysia
General subdivision Economic conditions
9 (RLIN) 63
651 #0 - SUBJECT ADDED ENTRY--GEOGRAPHIC NAME
Geographic name Malaysia
General subdivision Politics and government
9 (RLIN) 44
651 #0 - SUBJECT ADDED ENTRY--GEOGRAPHIC NAME
Geographic name Malaysia
General subdivision Social conditions
9 (RLIN) 45
700 0# - ADDED ENTRY--PERSONAL NAME
Personal name Mokhtar Ahmad
9 (RLIN) 81
942 ## - ADDED ENTRY ELEMENTS (KOHA)
Source of classification or shelving scheme
Koha item type Book

No items available.

Pusat Sumber Maklumat Dato' Haji Sarmin Md Hussin, Akademi Kastam Diraja Malaysia, Melaka
Tel: 06-2331106 | Faks: 06-2313787